|
|
|
|
| LEADER |
00000nam1a2200000 4500 |
| 001 |
198427 |
| 005 |
20231031184001.0 |
| 010 |
|
|
|a 5982271411
|
| 035 |
|
|
|a (RuTPU)RU\TPU\book\216417
|
| 035 |
|
|
|a RU\TPU\book\120483
|
| 090 |
|
|
|a 198427
|
| 100 |
|
|
|a 20110629d2011 m y0rusy50 ca
|
| 101 |
0 |
|
|a rus
|
| 102 |
|
|
|a RU
|
| 200 |
1 |
|
|a Общая геология
|e учебник
|e в 2 т.
|f Российский государственный геологоразведочный университет им. Серго Орджоникидзе (РГГРУ) ; под ред. А. К. Соколовский
|
| 205 |
|
|
|a 2-е изд., доп. и перераб.
|
| 210 |
|
|
|a Москва
|c Университет
|d 2011
|
| 702 |
|
1 |
|a Соколовский
|b А. К.
|g Анатолий Константинович
|4 340
|
| 712 |
0 |
2 |
|a Российский государственный геологоразведочный университет им. Серго Орджоникидзе (РГГРУ)
|c (Москва)
|c (2005- )
|2 stltpush
|3 (RuTPU)RU\TPU\col\8432
|
| 801 |
|
1 |
|a RU
|b 63413507
|c 20070316
|g PSBO
|
| 801 |
|
2 |
|a RU
|b 63413507
|c 20110701
|g RCR
|
| 942 |
|
|
|c BK
|